000 00524nam a2200193 a 4500
001 1770813380217
003 YourLibrary
005 20260211180753.0
008 260211s2002##################000#0#eng##
020 _a9780333794180
082 0 4 _a306.709
_bHAA
100 1 _aHaavio-Mannila, Elina,
_eauthor.
245 1 0 _aSexual Lifestyles in the Twentieth Century :
260 _bPalgrave Macmillan,
_c2002.
300 _a242 pages
650 0 _aPsychology.
942 _cENGLISH
040 _aYourLibrary
_beng
_cYourLibrary
999 _c611898
_d611898